Statistiques concernant Personnages célèbres - Série 32

Cliquez ici pour prendre le quiz!

Statistiques générales

  • Ce quiz a été pris 114 fois
  • Le résultat moyen est 5 sur 15

Statistiques - réponses

Réponse% Correct
Michael Douglas
85%
James Dean
70%
Danièle Evenou
40%
Vincent Elbaz
40%
Antoine Duléry
38%
Patrick Duffy
37%
Guillaume Durand
34%
Pascal Elbé
25%
Nicolas Duvauchelle
22%
Jean Claude Dreyfus
19%
Jimmy Somerville
19%
Sophie Duez
16%
Michel Duchaussoy
15%
Alain Calmat
7%
Linda Evans
7%

Distribution des résultats

Percentile par nombre de réponses

% des personnes avec chaque résultat

Votre développement - résultats

Vous n’avez pas pris ce quiz